A Portuguesa - Statistiques

Statistiques générales
  • Ce quiz a été pris 10 fois
  • Le résultat moyen est 44 sur 57
Statistiques - réponses
% Correct
a
100%
à
100%
a
100%
de
100%
de
100%
mar,
100%
mar,
100%
O
100%
Ó
100%
o
100%
as
86%
Às
86%
às
86%
Às
86%
às
86%
da
86%
do
86%
hoje
86%
imortal,
86%
Levantai
86%
memória,
86%
nobre
86%
novo
86%
Pátria,
86%
Pátria
86%
Portugal!
86%
povo,
86%
Sobre
86%
sobre
86%
terra,
86%
valente,
86%
vitória!
86%
armas,
71%
armas!
71%
armas,
71%
armas!
71%
avós,
71%
brumas
71%
Entre
71%
Heróis
71%
Nação
71%
os
71%
Pela
71%
sente-se
71%
teus
71%
voz
71%
Contra
57%
Dos
57%
lutar!
57%
marchar,
57%
marchar!
57%
Que
57%
canhões
43%
egrégios
43%
esplendor
43%
guiar-te
43%
há-de
43%
Aucun quiz correspondant
Distribution des résultats
% des personnes avec chaque résultat
Percentile par nombre de réponses
Votre historique - résultats
Vous n’avez pas pris ce quiz